Logos de football (niveau 3) - Statistics

General Stats
  • This quiz has been taken 83 times
  • The average score is 18 of 24
Answer Stats
Picture Answer % Correct
FC Nantes
95%
RC Lens
88%
RB Leipzig
84%
Galatasaray
82%
Rangers
81%
Young Boys
81%
Celta Vigo
79%
Fulham
79%
Leicester
79%
Brighton
78%
Olympiakos
78%
Southampton
78%
Torino
78%
Getafe
77%
Anderlecht
74%
Udinese
74%
FC Cologne
73%
Girondins de Bordeaux
73%
Werder Brême
71%
FC Copenhague
70%
River Plate
70%
Flamengo
62%
Malaga
60%
Sporting Portugal
52%
No matching quizzes found
Score Distribution
Percent of People with Each Score
Percentile by Number Answered
Your Score History
You have not taken this quiz